[Event "Asia-ch U16 Girls"]
[White "Sanali, WA Nathasha"]
[Black "Abdullah, Aya"]
[Site "Hikkaduwa"]
[Round "2.9"]
[Result "1-0"]
[Date "2012.06.26"]
[WhiteElo "1717"]
[BlackElo "1615"]
[PlyCount "63"]
[EventDate "2012.06.26"]
[EventType "swiss"]
[EventRounds "9"]
[EventCountry "SRI"]
[SourceTitle "EXT 2024"]
[Source "ChessBase"]
[SourceDate "2023.10.10"]
[SourceVersion "1"]
[SourceVersionDate "2023.10.10"]
[SourceQuality "1"]

1. d4 Nf6 2. c4 e5 3. e3 exd4 4. exd4 d5 5. Nc3 Nc6 6. Be3 Be6 7. c5 Ng4 8. Nf3 Nxe3 9. fxe3 Bf5 10. Be2 Nb4 11. Qa4+ Nc6 12. Bb5 Bd7 13. Qb3 Be7 14. 0-0 0-0 15. Nxd5 Be6 16. Nxe7+ Qxe7 17. d5 Na5 18. Qd3 Rad8 19. Qc3 Rxd5 20. b4 Nc6 21. Nd4 Nxd4 22. exd4 c6 23. Be2 Qh4 24. Bf3 Rxd4 25. g3 Rc4 26. Qa3 Qd4+ 27. Kh1 Bd5 28. Rad1 Bxf3+ 29. Qxf3 Qb2 30. Qxf7+ Rxf7 31. Rd8+ Rf8 32. Rdxf8# 1-0